|
|
|
|
| LEADER |
00686nam a2200157Ia 4500 |
| 001 |
TDMU_25876 |
| 008 |
210410s9999 xx 000 0 und d |
| 082 |
|
|
|a 362.29
|
| 100 |
|
|
|a Le, Thuy Lan Thao
|
| 245 |
|
0 |
|a Changes in High-Risk Behaviors Over Time Among Young Drug Users in South Vietnam: A Three-Province Study
|
| 245 |
|
0 |
|c Le Thuy Lan Thao, Le Truong Giang
|
| 300 |
|
|
|a Tr.47-56
|
| 650 |
|
|
|a Chính trị xã hội; IV Drug Users ; Risk Taking; Sexual Behaviors; Heterosexual Transmissio; VietNam Asia
|
| 700 |
|
|
|a Le, Truong Giang
|
| 856 |
|
|
|u http://lrc.tdmu.edu.vn/opac/search/detail.asp?aID=2&ID=25876
|
| 980 |
|
|
|a Trung tâm Học liệu Trường Đại học Thủ Dầu Một
|